Shaykh al-ḥarah : riwāyah tamthīliyah ʻaṣrīyah miṣrīyah Ūbirā kūmīk dhāt khamsat fuṣūl /

محفوظ في:

المؤلف الرئيسي: ʻAlī, Muḥammad Kāmil.

التنسيق: كتاب

اللغة: Arabic

منشور في: Iskandarīyah : Maṭbaʻat al-Mustaqbal, 1928.

الموضوعات:

الوسوم: إضافة وسم

لا توجد وسوم, كن أول من يضع وسما على هذه التسجيلة!

رقم الطلب: PJ8201 .A87

LEADER 00578nam a22001577a 4500
005 20251221133352.0
008 251221t1928 ua a 000 0 ara c
040 |c ARCE Library 
050 1 4 |a PJ8201  |b .A87 
100 1 |a ʻAlī, Muḥammad Kāmil. 
245 |a Shaykh al-ḥarah :   |b riwāyah tamthīliyah ʻaṣrīyah miṣrīyah Ūbirā kūmīk dhāt khamsat fuṣūl /   |c taʼlīf Muḥammad Kāmil ʻAlī. 
260 |a Iskandarīyah :   |b Maṭbaʻat al-Mustaqbal,   |c 1928. 
300 |a 95 p. :   |b ill. ;   |c 20 cm. 
650 0 |a Arabic literature   |z Egypt. 
942 |2 lcc  |c BK 
999 |c 49627  |d 49627